Les villes côtières en Europe - Statistiques

Statistiques générales
  • Ce quiz a été pris 119 fois
  • Le résultat moyen est 16 sur 24
Statistiques - réponses
Pays Ville % Correct
France Marseille
97%
Espagne Barcelone
96%
Portugal Lisbonne
96%
Danemark Copenhague
87%
Norvège Oslo
87%
Grèce Athènes
86%
Finlande Helsinki
86%
Italie Naples
82%
Irlande Dublin
78%
Islande Reykjavik
77%
Letonie Riga
75%
Suède Stockholm
75%
Russie Saint-Pétersbourg
74%
Royaume Uni Liverpool
66%
Croatie Split
61%
Pays Bas La Haye
58%
Pologne Gdansk
52%
Estonie Tallinn
46%
Allemagne Kiel
38%
Belgique Ostende
35%
Bulgarie Varna
32%
Roumanie Constanta
30%
Albanie Durrës
25%
Lituanie Klaipėda
13%
Aucun quiz correspondant
Distribution des résultats
% des personnes avec chaque résultat
Percentile par nombre de réponses
Votre historique - résultats
Vous n’avez pas pris ce quiz